ბათუმის შოთა რუსთაველის სახელმწიფო უნივერსიტეტის ბიბლიოთეკა

Санитарно-технические оборудование зданий. (ბიბ.ჩანაწერი № 35699)

000 -LEADER
fixed length control field 00659nam a2200229Ia 4500
001 - CONTROL NUMBER
control field 1572
003 - CONTROL NUMBER IDENTIFIER
control field GE_BSU
008 - FIXED-LENGTH DATA ELEMENTS--GENERAL INFORMATION
fixed length control field 181216s||||||||xx |||||||||||||| ||und||
020 ## - INTERNATIONAL STANDARD BOOK NUMBER
International Standard Book Number 5160023682
040 ## - CATALOGING SOURCE
Transcribing agency GE_BSU
080 ## - UNIVERSAL DECIMAL CLASSIFICATION NUMBER
Universal Decimal Classification number 696(075.3)
100 ## - MAIN ENTRY--PERSONAL NAME
Personal name Варфоломеев, Ю.М. Орлов,В.А.
245 ## - TITLE STATEMENT
Title Санитарно-технические оборудование зданий.
245 ## - TITLE STATEMENT
Remainder of title Учебник.
260 ## - PUBLICATION, DISTRIBUTION, ETC.
Place of publication, distribution, etc. М.
260 ## - PUBLICATION, DISTRIBUTION, ETC.
Name of publisher, distributor, etc. Инфра.
260 ## - PUBLICATION, DISTRIBUTION, ETC.
Date of publication, distribution, etc. 2007.
300 ## - PHYSICAL DESCRIPTION
Extent 248стр.21см.
653 ## - INDEX TERM--UNCONTROLLED
Uncontrolled term Санитарно-технические оборудование зданий.
942 ## - ADDED ENTRY ELEMENTS (KOHA)
Koha item type წიგნი
ეგზემპლარები
Withdrawn status Lost status Damaged status Not for loan Date acquired Barcode Date last seen Price effective from Koha item type
        2018-12-17 3067 2018-12-17 2018-12-17 წიგნი